Hội thảo sản xuất cây ăn trái theo GAP

Tập hợp các bài báo cáo của các nhà khoa học, đại biểu, các nhà quản lý về chủ đề " Sản xuất cây ăn trái theo GAP"

Bewaard in:
Bibliografische gegevens
Coauteurs: Bộ Nông nghiệp và Phát triển Nông thôn, Trung tâm khuyến nông Quốc gia
Formaat: Boek
Taal:Undetermined
Gepubliceerd in: Hà Nội Trung tâm Khuyến nông Quốc gia 2012
Onderwerpen:
Tags: Voeg label toe
Geen labels, Wees de eerste die dit record labelt!
Thư viện lưu trữ: Trung tâm Học liệu Trường Đại học Cần Thơ
LEADER 01148nam a2200229Ia 4500
001 CTU_178899
008 210402s9999 xx 000 0 und d
082 |a 630.7 
082 |b B450 
110 |a Bộ Nông nghiệp và Phát triển Nông thôn 
110 |b Trung tâm khuyến nông Quốc gia 
245 0 |a Hội thảo sản xuất cây ăn trái theo GAP 
245 0 |c Bộ Nông nghiệp và Phát triển Nông thôn. Trung tâm khuyến nông Quốc gia 
260 |a Hà Nội 
260 |b Trung tâm Khuyến nông Quốc gia 
260 |c 2012 
520 |a Tập hợp các bài báo cáo của các nhà khoa học, đại biểu, các nhà quản lý về chủ đề " Sản xuất cây ăn trái theo GAP" 
650 |a Fruit culture,Produce trade,Trồng cây ăn trái,Sản xuất thương mại,Fruit,Trái cây 
650 |x Certification,Chứng nhận,Postharvest technology,Công nghệ sau thu hoạch 
650 |z United States,Hoa Kỳ 
904 |i Năm 
980 |a Trung tâm Học liệu Trường Đại học Cần Thơ